[Event "FIDE WRBTC Blitz-Pool 2024"]
[Site "Astana"]
[Date "2024.08.05"]
[Round "6.6"]
[White "Galymzhanuly, Ibragim"]
[Black "Sembay, Aisana"]
[Result "1-0"]
[WhiteElo "1929"]
[BlackElo "1527"]
[Annotator "ChessBase"]
[PlyCount "35"]
[EventDate "2024.08.01"]
[EventType "team-tourn"]
[EventCountry "KAZ"]
[SourceTitle "playchess.com"]
[Source "ChessBase"]
[SourceQuality "1"]

1. c4 c6 2. Nc3 d5 3. d4 Nf6 4. cxd5 cxd5 5. Bf4 e6 6. e3 Bd6 7. Bxd6 Qxd6 8. f4 O-O 9. Nf3 Nc6 10. Bd3 h6 11. O-O Bd7 12. Ne5 Qe7 13. Qf3 Rac8 14. Rae1 Na5 15. g4 Nc4 16. Re2 Ne8 17. Bxc4 dxc4 18. Qxb7 1-0

[Event "FIDE WRBTC Blitz-Pool 2024"]
[Site "Astana"]
[Date "2024.08.05"]
[Round "6.6"]
[White "Rosenstein, Wadim"]
[Black "Mero, Aghiad."]
[Result "0-1"]
[WhiteElo "1887"]
[BlackElo "1817"]
[Annotator "NA"]
[PlyCount "70"]
[EventDate "2024.08.01"]
[EventType "team-tourn"]
[EventCountry "KAZ"]
[SourceTitle "playchess.com"]
[Source "ChessBase"]
[SourceQuality "1"]

1. e4 c5 2. Nf3 Nc6 3. d4 cxd4 4. Nxd4 Nf6 5. Nc3 d6 6. Bg5 e6 7. Be2 Be7 8. O-O O-O 9. Ndb5 a6 10. Bxf6 gxf6 11. Nd4 Kh8 12. Kh1 Qc7 13. a4 b6 14. f4 Bb7 15. Bf3 Rg8 16. f5 Nxd4 17. Qxd4 Qc5 18. Qd3 Rg5 19. e5 d5 20. fxe6 fxe6 21. exf6 Bxf6 22. Bxd5 Bxd5 23. Ne4 Bxe4 24. Qxe4 Rf8 25. Qxe6 Qd5 26. Qe2 Kg7 27. Rad1 Qc6 28. c3 Re8 29. Qf2 Rf8 30. Qe2 Qxa4 31. Qe6 Rf7 32. Rd8 Qg4 33. Qxg4 Rxg4 34. Rdd1 Rc4 35. h3 b5 0-1

[Event "FIDE WRBTC Blitz-Pool 2024"]
[Site "Astana"]
[Date "2024.08.05"]
[Round "6.7"]
[White "Tin, Jingyao"]
[Black "Gurel, Ediz"]
[Result "0-1"]
[WhiteElo "2575"]
[BlackElo "2602"]
[Annotator "ChessBase"]
[PlyCount "133"]
[EventDate "2024.08.01"]
[EventType "team-tourn"]
[EventCountry "KAZ"]
[SourceTitle "playchess.com"]
[Source "ChessBase"]
[SourceQuality "1"]

1. d4 Nf6 2. c4 e6 3. Nc3 Bb4 4. e3 O-O 5. Bd3 d5 6. a3 Bxc3+ 7. bxc3 dxc4 8. Bxc4 c5 9. Ne2 Qc7 10. Ba2 Nc6 11. O-O b6 12. Ng3 Rd8 13. Re1 Bb7 14. Bb2 Rac8 15. Rc1 Qe7 16. h3 h6 17. e4 cxd4 18. cxd4 Nxd4 19. Rxc8 Bxc8 20. e5 Nf5 21. Nxf5 exf5 22. Qf3 Ne4 23. Bb1 Nd2 24. Qg3 Nxb1 25. Rxb1 Be6 26. Rc1 Rd2 27. Bc3 Re2 28. Bb4 Qg5 29. Qxg5 hxg5 30. Bd6 f4 31. Rc7 a6 32. f3 Re1+ 33. Kf2 Rb1 34. Rc2 Kh7 35. g3 Bxh3 36. gxf4 gxf4 37. Rc4 Rb2+ 38. Ke1 g5 39. Be7 Kg6 40. Rc6+ Be6 41. Rd6 Rb3 42. Kf2 Rxa3 43. Rxe6+ fxe6 44. Bxa3 Kf5 45. Bd6 g4 46. fxg4+ Kxg4 47. Bc7 b5 48. Ba5 Kf5 49. Bc3 Ke4 50. Ke2 f3+ 51. Kf2 Kd3 52. Ba5 Ke4 53. Bc3 Kf4 54. Ba5 Kxe5 55. Kxf3 Kd4 56. Ke2 Kc4 57. Kd2 b4 58. Kc2 Kb5 59. Bc7 a5 60. Be5 Kc4 61. Bf6 a4 62. Bg7 a3 63. Bf8 e5 64. Bh6 e4 65. Bg5 b3+ 66. Kd2 e3+ 67. Ke2 0-1

[Event "FIDE WRBTC Blitz-Pool 2024"]
[Site "Astana"]
[Date "2024.08.05"]
[Round "6.7"]
[White "Malyi, Viacheslav"]
[Black "Nihal Sarin"]
[Result "0-1"]
[WhiteElo "2391"]
[BlackElo "2668"]
[Annotator "ChessBase"]
[PlyCount "54"]
[EventDate "2024.08.01"]
[EventType "team-tourn"]
[EventCountry "KAZ"]
[SourceTitle "playchess.com"]
[Source "ChessBase"]
[SourceQuality "1"]

1. d4 Nf6 2. Bg5 Ne4 3. h4 c5 4. dxc5 Qa5+ 5. Nd2 Nxg5 6. hxg5 g6 7. Rh4 Nc6 8. c3 Qxc5 9. Ngf3 Bg7 10. e3 Qb6 11. Qb3 d5 12. Qxb6 axb6 13. Nd4 Bd7 14. Nxc6 bxc6 15. Nb3 c5 16. Be2 e6 17. a3 Ke7 18. Bd1 h6 19. gxh6 Bxh6 20. Bc2 c4 21. Nd4 Bxe3 22. Rxh8 Rxh8 23. Ke2 Bg5 24. g3 e5 25. Nf3 Bg4 26. Re1 e4 27. Kf1 Bxf3 0-1

[Event "FIDE WRBTC Blitz-Pool 2024"]
[Site "Astana"]
[Date "2024.08.05"]
[Round "6.8"]
[White "Eljanov, Pavel"]
[Black "Altynbekuly, Madiyar"]
[Result "0-1"]
[WhiteElo "2672"]
[BlackElo "2114"]
[Annotator "ChessBase"]
[PlyCount "77"]
[EventDate "2024.08.01"]
[EventType "team-tourn"]
[EventCountry "KAZ"]
[SourceTitle "playchess.com"]
[Source "ChessBase"]
[SourceQuality "1"]

1. d4 Nf6 2. c4 e6 3. Nf3 d5 4. Nc3 Bb4 5. cxd5 exd5 6. Bf4 Ne4 7. Rc1 Nc6 8. e3 g5 9. Bg3 h5 10. h4 g4 11. Ne5 Nxg3 12. Nxc6 bxc6 13. fxg3 Qd6 14. Kf2 Bxc3 15. Rxc3 Rh6 16. Bd3 Rf6+ 17. Ke2 Qxg3 18. Kd2 Qxg2+ 19. Kc1 Rb8 20. Bc2 Rf2 21. Rg1 Qh2 22. Rh1 Qd6 23. Rf1 Rxf1 24. Qxf1 Ke7 25. Ba4 Bd7 26. Qd3 Qh2 27. Bc2 Qxh4 28. e4 Qe1+ 29. Bd1 dxe4 30. Qc4 Rb5 31. a4 Rd5 32. Qb4+ Rd6 33. Qc5 g3 34. Qg5+ Rf6 35. Rc5 Bg4 36. Qe5+ Re6 37. Qg5+ Kd7 38. Rd5+ cxd5 39. Qxd5+ 0-1

[Event "FIDE WRBTC Blitz-Pool 2024"]
[Site "Astana"]
[Date "2024.08.05"]
[Round "6.8"]
[White "Sadhwani, Raunak"]
[Black "Ismagambetov, Anuar"]
[Result "0-1"]
[WhiteElo "2653"]
[BlackElo "2520"]
[Annotator "ChessBase"]
[PlyCount "160"]
[EventDate "2024.08.01"]
[EventType "team-tourn"]
[EventCountry "KAZ"]
[SourceTitle "playchess.com"]
[Source "ChessBase"]
[SourceQuality "1"]

1. e4 e5 2. Nf3 Nc6 3. Bc4 Bc5 4. O-O Nf6 5. d3 O-O 6. Re1 d6 7. c3 Bb6 8. h3 Be6 9. Bb5 Ne7 10. d4 Ng6 11. Nbd2 c6 12. Bf1 h6 13. a4 Qe7 14. a5 Bc7 15. c4 Rad8 16. d5 Bc8 17. b4 Nf4 18. Kh2 g5 19. g3 Ng6 20. a6 cxd5 21. axb7 Bxb7 22. exd5 g4 23. Ng1 Bb6 24. Qe2 h5 25. Nb3 Rc8 26. Bg5 Kg7 27. Rec1 Qd7 28. Bg2 Nh7 29. Bd2 Qe7 30. Be3 Bxe3 31. Qxe3 a6 32. c5 Rb8 33. c6 Bc8 34. Na5 Rxb4 35. Qa3 Rb5 36. Nc4 gxh3 37. Nxd6 hxg2 38. Nxb5 Qf6 39. Nd6 h4 40. Nxc8 Rxc8 41. Qf3 Qg5 42. Nh3 Qd2 43. Rd1 Qb2 44. Rab1 Qc2 45. d6 hxg3+ 46. Qxg3 Qxc6 47. Qxg2 Qa4 48. Qf3 Rd8 49. Rb7 Nf6 50. Ng5 Qh4+ 51. Nh3 e4 52. Qg3 Qh5 53. Rg1 Rh8 54. d7 Qd5 55. Rc7 Rd8 56. Qc3 Rxd7 57. Rc6 Rd6 58. Nf4 Qxc6 59. Nh5+ Kh6 60. Qe3+ Kh7 61. Ng3 Qd5 62. Rh1 Kg7 63. Kg2 Ng4 64. Qc3+ Qe5 65. Nh5+ Kf8 66. Qc8+ Qe8 67. Qxg4 e3 68. Qb4 Qc6+ 69. f3 Qc2+ 70. Kg3 Qd2 71. Qb8+ Rd8 72. Qb7 Qf2+ 73. Kh3 e2 74. Qb4+ Ne7 75. Qc3 Qf1+ 76. Kh2 Qxh1+ 77. Kxh1 Rd1+ 78. Kg2 e1=Q 79. Qg7+ Ke8 80. Nf6+ Kd8 0-1

[Event "FIDE WRBTC Blitz-Pool 2024"]
[Site "Astana"]
[Date "2024.08.05"]
[Round "6.8"]
[White "Zemlyanskii, Ivan"]
[Black "Jumabayev, Rinat"]
[Result "1-0"]
[WhiteElo "2543"]
[BlackElo "2577"]
[Annotator "ChessBase"]
[PlyCount "111"]
[EventDate "2024.08.01"]
[EventType "team-tourn"]
[EventCountry "KAZ"]
[SourceTitle "playchess.com"]
[Source "ChessBase"]
[SourceQuality "1"]

1. d4 Nf6 2. c4 e6 3. Bf4 Bb4+ 4. Nd2 Nh5 5. Be3 f5 6. g3 O-O 7. Nh3 Bd6 8. Bg2 Nc6 9. f4 Nf6 10. Nf2 b6 11. O-O Bb7 12. Rc1 Na5 13. Nf3 c5 14. b3 Qe7 15. Qd2 Nc6 16. Rfd1 Rad8 17. dxc5 Bxc5 18. Bxc5 bxc5 19. Ne5 Nxe5 20. fxe5 Ne4 21. Nxe4 fxe4 22. Rf1 Rf5 23. Rf4 Rdf8 24. Rcf1 Bc6 25. Qe3 g5 26. R4f2 Rxf2 27. Rxf2 Rxf2 28. Kxf2 Qf8+ 29. Ke1 h6 30. Bxe4 Bxe4 31. Qxe4 Kg7 32. Qb7 Qe7 33. Qxa7 Kg6 34. Qc7 Kf5 35. Qd6 Qd8 36. Qxc5 Qa8 37. Qf2+ Kxe5 38. Qe3+ Kd6 39. Qd4+ Ke7 40. a4 Qh1+ 41. Kd2 Qxh2 42. Qe5 Qg1 43. a5 Qb1 44. Qc3 h5 45. Qg7+ Kd6 46. Qxg5 Qb2+ 47. Ke1 Qxb3 48. Qf4+ Ke7 49. Kf2 Qa3 50. Qg5+ Kd6 51. Qb5 Qc3 52. Qb6+ Ke7 53. a6 Qxc4 54. a7 Qe4 55. Qc5+ Kf7 56. Qe3 1-0

[Event "FIDE WRBTC Blitz-Pool 2024"]
[Site "Astana"]
[Date "2024.08.05"]
[Round "6.9"]
[White "Siddharth, Jagadeesh"]
[Black "Samadov, Read"]
[Result "0-1"]
[WhiteElo "2516"]
[BlackElo "2509"]
[Annotator "ChessBase"]
[PlyCount "126"]
[EventDate "2024.08.01"]
[EventType "team-tourn"]
[EventCountry "KAZ"]
[SourceTitle "playchess.com"]
[Source "ChessBase"]
[SourceQuality "1"]

1. e4 c5 2. Nf3 d6 3. Nc3 Nf6 4. Be2 Nc6 5. d4 cxd4 6. Nxd4 e5 7. Nf3 Be7 8. O-O O-O 9. Bg5 Be6 10. Bxf6 Bxf6 11. Nd5 Rc8 12. Bc4 Ne7 13. Nxf6+ gxf6 14. Bxe6 fxe6 15. Qe2 Qe8 16. c4 Qh5 17. Rfd1 Rfd8 18. b3 Ng6 19. Qe3 b6 20. Rd2 Rd7 21. Rad1 Rcd8 22. g3 f5 23. Ne1 Qh3 24. Qg5 fxe4 25. Nc2 Qf5 26. Qh6 d5 27. Ne3 Qf7 28. Qg5 Kg7 29. h4 h6 30. Qg4 d4 31. h5 dxe3 32. Rxd7 exf2+ 33. Kf1 Rxd7 34. Rxd7 Qxd7 35. Qxg6+ Kf8 36. Qxh6+ Kg8 37. Qg6+ Kh8 38. Qh6+ Kg8 39. Qg5+ Kh7 40. Qg6+ Kh8 41. Qf6+ Kh7 42. Qg6+ Kh8 43. Qf6+ Kh7 44. Qxe5 Qd1+ 45. Kxf2 Qf3+ 46. Kg1 e3 47. Qg5 Qf2+ 48. Kh1 e2 49. Qg6+ Kh8 50. Qh6+ Kg8 51. Qxe6+ Kf8 52. Qd6+ Kf7 53. Qd7+ Kf6 54. Qd8+ Kg7 55. Qg5+ Kf7 56. Qd5+ Kf6 57. Qd8+ Ke6 58. Qe8+ Kd6 59. Qd8+ Kc5 60. Qe7+ Kd4 61. Qd7+ Kc3 62. Qg7+ Kc2 63. Qg6+ Kb2 0-1

[Event "FIDE WRBTC Blitz-Pool 2024"]
[Site "Astana"]
[Date "2024.08.05"]
[Round "6.9"]
[White "Sapenov, Daniyal"]
[Black "Narayanan S L"]
[Result "1-0"]
[WhiteElo "2311"]
[BlackElo "2649"]
[Annotator "ChessBase"]
[PlyCount "113"]
[EventDate "2024.08.01"]
[EventType "team-tourn"]
[EventCountry "KAZ"]
[SourceTitle "playchess.com"]
[Source "ChessBase"]
[SourceQuality "1"]

1. d4 Nf6 2. c4 e6 3. Nc3 Bb4 4. e3 O-O 5. Bd3 d5 6. a3 dxc4 7. Bxc4 Be7 8. Qe2 a6 9. Nf3 b5 10. Ba2 Bb7 11. e4 c5 12. dxc5 Bxc5 13. Bg5 h6 14. Rd1 Qc7 15. Bxf6 gxf6 16. h4 Nd7 17. Rh3 Ne5 18. Rg3+ Kh7 19. Nxe5 Qxe5 20. Rd7 Bc6 21. Qg4 Qxg3 22. Qxg3 Bxd7 23. Qc7 Rac8 24. Qxd7 Kg8 25. Qb7 Bd4 26. Qxa6 Bxc3+ 27. bxc3 Rxc3 28. Qxb5 Rxa3 29. Bb3 Raa8 30. Qd3 Rfb8 31. Qe3 Rb4 32. Qg3+ Kh8 33. Qf3 Kg7 34. Qg4+ Kf8 35. Qg3 Rxe4+ 36. Kd2 Rd8+ 37. Kc3 f5 38. h5 Rc8+ 39. Kb2 Rd8 40. Kc3 Rc8+ 41. Kb2 Rd8 42. Kc2 Red4 43. Qe3 f4 44. Qe5 Rd2+ 45. Kc1 R8d4 46. Qh8+ Ke7 47. Qxh6 Rxf2 48. Qg5+ Kd6 49. Qd8+ Ke5 50. Qg5+ Kd6 51. Qd8+ Ke5 52. Qa5+ Kf6 53. Qc3 e5 54. h6 Rxg2 55. Qc6+ Kg5 56. Qxg2+ Kxh6 57. Bxf7 1-0

[Event "FIDE WRBTC Blitz-Pool 2024"]
[Site "Astana"]
[Date "2024.08.05"]
[Round "6.9"]
[White "Savitskiy, Vladimir"]
[Black "Volokitin, Andrei"]
[Result "1-0"]
[WhiteElo "1893"]
[BlackElo "2667"]
[Annotator "ChessBase"]
[PlyCount "59"]
[EventDate "2024.08.01"]
[EventType "team-tourn"]
[EventCountry "KAZ"]
[SourceTitle "playchess.com"]
[Source "ChessBase"]
[SourceQuality "1"]

1. d4 d5 2. c4 dxc4 3. e4 b5 4. a4 c6 5. Nc3 b4 6. Nce2 Nf6 7. Ng3 e6 8. Bxc4 Be7 9. Nf3 O-O 10. O-O a5 11. Be3 Nbd7 12. Rc1 Bb7 13. Bd3 Rc8 14. Qe2 c5 15. Ba6 Qb6 16. Bxb7 Qxb7 17. Nd2 cxd4 18. Bxd4 Bc5 19. Bxf6 Nxf6 20. b3 Bd4 21. Rxc8 Rxc8 22. Nc4 Qa7 23. Rd1 Rd8 24. Rd2 g6 25. h3 e5 26. Nxe5 Qc7 27. Nf3 Qxg3 28. Rxd4 Qc7 29. Qc4 Qxc4 30. Rxd8+ 1-0

[Event "FIDE WRBTC Blitz-Pool 2024"]
[Site "Astana"]
[Date "2024.08.05"]
[Round "6.10"]
[White "Pranav, V."]
[Black "Mamedov, Edgar"]
[Result "1/2-1/2"]
[WhiteElo "2598"]
[BlackElo "2443"]
[Annotator "ChessBase"]
[PlyCount "140"]
[EventDate "2024.08.01"]
[EventType "team-tourn"]
[EventCountry "KAZ"]
[SourceTitle "playchess.com"]
[Source "ChessBase"]
[SourceQuality "1"]

1. e4 c5 2. Nf3 Nc6 3. Bb5 e6 4. Bxc6 bxc6 5. b3 Ne7 6. Bb2 d6 7. d3 e5 8. Nh4 Be6 9. Nd2 g5 10. Nhf3 Ng6 11. g3 g4 12. Ng1 h5 13. h4 gxh3 14. Nxh3 h4 15. g4 Bh6 16. Qe2 Nf4 17. Nxf4 Bxf4 18. O-O-O Qa5 19. Kb1 O-O-O 20. f3 h3 21. Nf1 f6 22. Bc1 Qc3 23. Bd2 Bxd2 24. Qxd2 Qb4 25. Ne3 Rh7 26. Rh2 d5 27. Qxb4 cxb4 28. Rdh1 Rdh8 29. Nd1 Kd7 30. Nf2 Kd6 31. Kc1 Kc5 32. Kd2 a5 33. Ra1 a4 34. bxa4 Ra7 35. a3 Rxa4 36. axb4+ Rxb4 37. Rah1 Rb2 38. Nd1 Rb7 39. Rxh3 Ra8 40. Rh6 Rf7 41. g5 Rg8 42. g6 Rfg7 43. Rg1 Kd6 44. Ne3 d4 45. Nf5+ Bxf5 46. exf5 Ke7 47. Ra1 Kd6 48. Ra6 Kd5 49. Rh1 Rb7 50. Rha1 Rh8 51. Re1 Rh5 52. Rg1 Rg7 53. f4 Rxf5 54. fxe5 fxe5 55. Ra8 Rf6 56. Re8 Rgf7 57. Rd8+ Kc5 58. Rxd4 Kb6 59. Kc1 Rf2 60. Rc4 R2f5 61. Kb2 Kc7 62. Kc3 Re7 63. Rb4 Rf4 64. Kb3 Rf1 65. Kc3 Rf3 66. Kd2 Rh3 67. Ke2 Rg3 68. Rg4 Kd6 69. Rd4+ Ke6 70. Rd6+ Kxd6 1/2-1/2

[Event "FIDE WRBTC Blitz-Pool 2024"]
[Site "Astana"]
[Date "2024.08.05"]
[Round "6.10"]
[White "Moiseenko, Alexander"]
[Black "Magzumov, Damirali"]
[Result "1-0"]
[WhiteElo "2562"]
[BlackElo "1756"]
[Annotator "ChessBase"]
[PlyCount "33"]
[EventDate "2024.08.01"]
[EventType "team-tourn"]
[EventCountry "KAZ"]
[SourceTitle "playchess.com"]
[Source "ChessBase"]
[SourceQuality "1"]

1. d4 Nf6 2. Bg5 c5 3. Nc3 cxd4 4. Qxd4 Nc6 5. Qh4 d6 6. O-O-O Be6 7. e4 Qa5 8. a3 Rc8 9. f4 Nb4 10. axb4 Qa1+ 11. Kd2 Qxb2 12. Bxf6 exf6 13. Bb5+ Kd8 14. Nge2 a6 15. Rb1 Qa3 16. Bd3 d5 17. Rb3 1-0

[Event "FIDE WRBTC Blitz-Pool 2024"]
[Site "Astana"]
[Date "2024.08.05"]
[Round "6.10"]
[White "Shogdzhiev, Roman"]
[Black "Wong, Zhenyong Jayden"]
[Result "0-1"]
[WhiteElo "2124"]
[BlackElo "2397"]
[Annotator "ChessBase"]
[PlyCount "80"]
[EventDate "2024.08.01"]
[EventType "team-tourn"]
[EventCountry "KAZ"]
[SourceTitle "playchess.com"]
[Source "ChessBase"]
[SourceQuality "1"]

1. c4 c5 2. Nc3 g6 3. Nf3 Bg7 4. e3 Nf6 5. d4 cxd4 6. exd4 d5 7. c5 O-O 8. Be2 b6 9. cxb6 Qxb6 10. O-O Ba6 11. Be3 Qxb2 12. Bd2 Bxe2 13. Qxe2 Qa3 14. Ne5 Qa6 15. Qf3 e6 16. Rfc1 Nbd7 17. Nd3 Rac8 18. Ne2 Ne4 19. Be1 Nb6 20. Nb4 Qb7 21. Rcb1 Rc4 22. Nd3 Rfc8 23. Ne5 R4c7 24. Ba5 Qa6 25. Be1 Nc4 26. Nd3 Ncd2 27. Qe3 Nxb1 28. Rxb1 Qxa2 29. Rd1 Qb3 30. Ra1 Nd6 31. Nec1 Qb5 32. Ne5 Nf5 33. Qd2 Nxd4 34. Ncd3 Nb3 35. Qb2 Rb7 36. Rb1 Nd4 37. Rc1 Rxc1 38. Qxd4 Bxe5 39. Qxe5 Qxd3 40. h4 Rxe1+ 0-1

[Event "FIDE WRBTC Blitz-Pool 2024"]
[Site "Astana"]
[Date "2024.08.05"]
[Round "6.11"]
[White "Balabayeva, Xeniya"]
[Black "Dronavalli, Harika"]
[Result "0-1"]
[WhiteElo "2335"]
[BlackElo "2502"]
[Annotator "ChessBase"]
[PlyCount "82"]
[EventDate "2024.08.01"]
[EventType "team-tourn"]
[EventCountry "KAZ"]
[SourceTitle "playchess.com"]
[Source "ChessBase"]
[SourceQuality "1"]

1. e4 e6 2. d4 d5 3. Nd2 c5 4. Ngf3 Nc6 5. exd5 exd5 6. dxc5 Bxc5 7. Nb3 Bb6 8. Be2 Nf6 9. O-O h6 10. Nfd4 O-O 11. Be3 Re8 12. h3 Bc7 13. Nf3 Bf5 14. Nbd4 Be4 15. Qd2 Nxd4 16. Nxd4 Qd6 17. g3 Qd7 18. Kh2 a6 19. a4 Re7 20. b3 Rae8 21. Rad1 Bg6 22. Bf3 Ne4 23. Bxe4 Bxe4 24. Bf4 Bb6 25. Be3 Bxd4 26. Bxd4 Qf5 27. Rde1 Bxc2 28. Rxe7 Rxe7 29. Qc3 f6 30. Be3 Be4 31. b4 h5 32. Rg1 Kh7 33. Qc5 Re6 34. b5 axb5 35. axb5 Re8 36. Qc7 Rc8 37. Qb6 Rc2 38. Qd4 Qf3 39. b6 Re2 40. Qc5 Re1 41. Rxe1 Qg2# 0-1

[Event "FIDE WRBTC Blitz-Pool 2024"]
[Site "Astana"]
[Date "2024.08.05"]
[Round "6.11"]
[White "Gong, Qianyun"]
[Black "Bivol, Alina"]
[Result "1/2-1/2"]
[WhiteElo "2250"]
[BlackElo "2345"]
[Annotator "ChessBase"]
[PlyCount "157"]
[EventDate "2024.08.01"]
[EventType "team-tourn"]
[EventCountry "KAZ"]
[SourceTitle "playchess.com"]
[Source "ChessBase"]
[SourceQuality "1"]

1. e4 e5 2. Nf3 Nc6 3. Bc4 Nf6 4. Ng5 d5 5. exd5 Na5 6. Bb5+ c6 7. dxc6 bxc6 8. Bd3 Nb7 9. O-O Nc5 10. Bc4 Nd5 11. d4 exd4 12. Qxd4 Ne6 13. Re1 Qb6 14. Qd3 Be7 15. Nxe6 Bxe6 16. Nc3 Rd8 17. Nxd5 cxd5 18. Bb5+ Kf8 19. Be3 d4 20. Bf4 Bf6 21. Bc4 Bd7 22. Bb3 h5 23. h3 g6 24. Qg3 Rc8 25. Be5 Kg7 26. Qf3 Bf5 27. Bxf6+ Qxf6 28. Re2 Rhd8 29. Rae1 d3 30. cxd3 Rxd3 31. Qb7 Rcd8 32. Re7 R8d7 33. Rxd7 Rxd7 34. Qf3 Qxb2 35. g4 hxg4 36. hxg4 Bc2 37. g5 Bxb3 38. axb3 Qd4 39. Re4 Qa1+ 40. Kg2 Rd5 41. Rg4 Qe5 42. b4 Qf5 43. Qh3 Rd2 44. Qg3 Rd3 45. Qf4 Qd5+ 46. Kh2 Rf3 47. Qd4+ Qxd4 48. Rxd4 Rxf2+ 49. Kg3 Rf5 50. Kg4 Rb5 51. Rc4 a5 52. bxa5 Rxa5 53. Rf4 Rd5 54. Re4 Kf8 55. Ra4 Ke7 56. Ra7+ Rd7 57. Ra4 Ke6 58. Re4+ Kd5 59. Rf4 Re7 60. Rf6 Ke5 61. Rf1 Rd7 62. Re1+ Kd5 63. Rd1+ Ke6 64. Re1+ Kd6 65. Rd1+ Ke7 66. Re1+ Kf8 67. Re4 Rd6 68. Ra4 Ke7 69. Ra7+ Ke6 70. Ra4 Ke5 71. Ra5+ Rd5 72. Ra7 Rd4+ 73. Kg3 Kf5 74. Rxf7+ Kxg5 75. Rf3 Rc4 76. Ra3 Kh5 77. Kh3 g5 78. Kg3 Rd4 79. Rb3 1/2-1/2

[Event "FIDE WRBTC Blitz-Pool 2024"]
[Site "Astana"]
[Date "2024.08.05"]
[Round "6.11"]
[White "Amangeldinov, Alkey"]
[Black "Khotenashvili, Bella"]
[Result "0-1"]
[WhiteElo "1721"]
[BlackElo "2427"]
[Annotator "ChessBase"]
[PlyCount "84"]
[EventDate "2024.08.01"]
[EventType "team-tourn"]
[EventCountry "KAZ"]
[SourceTitle "playchess.com"]
[Source "ChessBase"]
[SourceQuality "1"]

1. d4 Nf6 2. c4 g6 3. Nc3 c5 4. d5 e6 5. Nf3 exd5 6. cxd5 d6 7. g3 Bg7 8. Bg2 O-O 9. O-O Re8 10. Nd2 Nbd7 11. a4 b6 12. Nc4 Ne5 13. Na3 a6 14. h3 Rb8 15. f4 Ned7 16. e4 Qc7 17. Kh2 c4 18. Qe2 b5 19. axb5 axb5 20. Naxb5 Qb6 21. Qxc4 Ba6 22. Qc6 Bxb5 23. Qxb6 Rxb6 24. Be3 Rbb8 25. Nxb5 Rxb5 26. Bd4 Nxe4 27. Bxg7 Kxg7 28. Rfe1 Ndc5 29. Ra7 Rxb2 30. Kg1 h5 31. h4 Rb4 32. Rc7 Reb8 33. Rc6 Rb1 34. Rxb1 Rxb1+ 35. Kh2 Rb2 36. Kg1 Nxg3 37. Rxd6 Ne2+ 38. Kh1 Nxf4 39. Bf3 Ncd3 40. Rc6 Ne5 41. Rc3 Nxf3 42. Rxf3 Nxd5 0-1

[Event "FIDE WRBTC Blitz-Pool 2024"]
[Site "Astana"]
[Date "2024.08.05"]
[Round "6.12"]
[White "Tanikin, Isabek"]
[Black "Kazhiakhmetova, Yerkenaz"]
[Result "1-0"]
[WhiteElo "1952"]
[BlackElo "1602"]
[Annotator "ChessBase"]
[PlyCount "75"]
[EventDate "2024.08.01"]
[EventType "team-tourn"]
[EventCountry "KAZ"]
[SourceTitle "playchess.com"]
[Source "ChessBase"]
[SourceQuality "1"]

1. e4 Nf6 2. e5 Nd5 3. d4 d6 4. Nf3 Nc6 5. Be2 dxe5 6. dxe5 Bf5 7. c3 e6 8. Nd4 Nxd4 9. Qxd4 Be7 10. O-O O-O 11. Nd2 c6 12. Nc4 b5 13. Ne3 Nxe3 14. Bxe3 Qxd4 15. cxd4 Be4 16. Rac1 Bd5 17. a3 Rac8 18. Bf3 Rfd8 19. Rc3 Bxf3 20. gxf3 Rd7 21. Rfc1 Rdc7 22. Kf1 Kf8 23. Ke2 Ke8 24. Kd3 Kd7 25. f4 g6 26. h4 h5 27. Rh1 a6 28. f3 Rb7 29. b4 Rbc7 30. Bf2 Ra8 31. f5 exf5 32. Bg3 Ke6 33. Rhc1 Rac8 34. Bf2 Kd7 35. Bg3 Ra7 36. d5 c5 37. bxc5 a5 38. c6+ 1-0

[Event "FIDE WRBTC Blitz-Pool 2024"]
[Site "Astana"]
[Date "2024.08.05"]
[Round "6.12"]
[White "Berikkyzy Alanna"]
[Black "Zhang, Changjie"]
[Result "1-0"]
[WhiteElo "1869"]
[BlackElo "1809"]
[Annotator "NA"]
[PlyCount "79"]
[EventDate "2024.08.01"]
[EventType "team-tourn"]
[EventCountry "KAZ"]
[SourceTitle "playchess.com"]
[Source "ChessBase"]
[SourceQuality "1"]

1. e4 e6 2. d4 d5 3. e5 c5 4. c3 Nc6 5. Nf3 Qb6 6. Bd3 Nh6 7. O-O Nf5 8. dxc5 Qxc5 9. b4 Qb6 10. Bxf5 exf5 11. Qxd5 Be6 12. Qd3 Be7 13. Be3 Qc7 14. Bd4 O-O 15. Nbd2 Rfd8 16. b5 Nxd4 17. cxd4 Rac8 18. Rfd1 Qc2 19. Qxc2 Rxc2 20. a4 Rdc8 21. Ne1 Rb2 22. Nd3 Rbc2 23. a5 Bg5 24. Nf3 Be7 25. Nf4 Rb2 26. d5 Bd7 27. d6 Bf8 28. b6 axb6 29. axb6 Rxb6 30. Nd5 Rb2 31. Rdc1 Rcc2 32. Rxc2 Rxc2 33. h3 Be6 34. Nc7 Rc6 35. Ra8 Bd7 36. Nd5 Rc1+ 37. Kh2 g6 38. Nf6+ Kg7 39. Nxd7 Rd1 40. Nxf8 1-0

[Event "FIDE WRBTC Blitz-Pool 2024"]
[Site "Astana"]
[Date "2024.08.05"]
[Round "6.12"]
[White "Shah Mihir"]
[Black "Fedorov, Grigory"]
[Result "1-0"]
[WhiteElo "1801"]
[BlackElo "1904"]
[Annotator "ChessBase"]
[PlyCount "70"]
[EventDate "2024.08.01"]
[EventType "team-tourn"]
[EventCountry "KAZ"]
[SourceTitle "playchess.com"]
[Source "ChessBase"]
[SourceQuality "1"]

1. e4 e6 2. d3 d5 3. Nd2 Nf6 4. Ngf3 Nc6 5. c3 Bd6 6. g3 O-O 7. Bg2 dxe4 8. dxe4 a5 9. O-O Bc5 10. Qe2 e5 11. Nc4 Qe7 12. Nh4 g6 13. Bg5 b6 14. Qf3 Kg7 15. Ne3 Be6 16. Nd5 Bxd5 17. exd5 e4 18. Qxf6+ Qxf6 19. Bxf6+ Kxf6 20. dxc6 g5 21. Bxe4 gxh4 22. Kg2 Rae8 23. Rae1 Re5 24. Bxh7 h3+ 25. Kf3 Rfe8 26. Rxe5 Rxe5 27. Rd1 Bd6 28. Rd4 Rc5 29. Be4 Ke5 30. Rd2 f5 31. Bc2 Rxc6 32. g4 f4 33. g5 Bc5 34. Re2+ Kd6 35. Be4 Kd7 1-0

[Event "FIDE WRBTC Blitz-Pool 2024"]
[Site "Astana"]
[Date "2024.08.05"]
[Round "6.13"]
[White "Khusnutdinov, Rustam"]
[Black "Yermekov, Kairat"]
[Result "1-0"]
[WhiteElo "2429"]
[BlackElo "2076"]
[Annotator "ChessBase"]
[PlyCount "97"]
[EventDate "2024.08.01"]
[EventType "team-tourn"]
[EventCountry "KAZ"]
[SourceTitle "playchess.com"]
[Source "ChessBase"]
[SourceQuality "1"]

1. e4 c5 2. Nf3 d6 3. d4 cxd4 4. Nxd4 Nf6 5. Nc3 a6 6. h3 g6 7. Be3 Bg7 8. Qd2 O-O 9. O-O-O Nc6 10. f3 Bd7 11. Kb1 Re8 12. g4 Rc8 13. h4 Na5 14. h5 Nc4 15. Bxc4 Rxc4 16. hxg6 fxg6 17. Bh6 Bh8 18. Bg5 Nxe4 19. Nxe4 Rxd4 20. Qh2 Rxd1+ 21. Rxd1 Qb6 22. Bc1 Bg7 23. b3 Qa5 24. Rh1 h5 25. Bb2 Bxb2 26. Kxb2 Qe5+ 27. Qxe5 dxe5 28. gxh5 gxh5 29. Rxh5 Bc6 30. Rxe5 Bxe4 31. fxe4 Kf7 32. Rc5 Ke6 33. Kc3 Kd6 34. Rd5+ Ke6 35. a4 Rg8 36. a5 Rg4 37. Kd4 Rg1 38. Rc5 Kd6 39. Rc8 Ra1 40. b4 Kd7 41. Rc4 Rb1 42. Kc5 Kc7 43. Rd4 Rc1 44. c4 Rh1 45. Rd5 e6 46. Rg5 Rh7 47. e5 Rf7 48. Rg6 Re7 49. Rh6 1-0

[Event "FIDE WRBTC Blitz-Pool 2024"]
[Site "Astana"]
[Date "2024.08.05"]
[Round "6.13"]
[White "Saduakassov, Duman"]
[Black "Akhmedinov, Satbek"]
[Result "0-1"]
[WhiteElo "1842"]
[BlackElo "2379"]
[Annotator "ChessBase"]
[PlyCount "54"]
[EventDate "2024.08.01"]
[EventType "team-tourn"]
[EventCountry "KAZ"]
[SourceTitle "playchess.com"]
[Source "ChessBase"]
[SourceQuality "1"]

1. d4 Nf6 2. Nc3 d5 3. Bf4 e6 4. e3 Bd6 5. Bg3 c5 6. Nf3 Nc6 7. Be2 cxd4 8. exd4 O-O 9. O-O a6 10. Bd3 b5 11. Ne2 Ne4 12. Bxe4 dxe4 13. Ne5 Bb7 14. c3 Bxe5 15. dxe5 Qg5 16. Qd7 Rab8 17. Rad1 Nxe5 18. Qc7 Nc4 19. b3 Nb2 20. Rb1 Nd3 21. Rbd1 Bd5 22. Qa7 Ra8 23. Qc7 Rfc8 24. Qa5 h5 25. c4 bxc4 26. bxc4 Rxc4 27. Nd4 Rxd4 0-1